Những ngày đầu

Gespeichert in:
Bibliographische Detailangaben
1. Verfasser: Lê, Dục Tôn
Format: Buch
Sprache:Undetermined
Veröffentlicht: Hà Nội Văn hóa Dân tộc 2020
Schlagworte:
Tags: Tag hinzufügen
Keine Tags, Fügen Sie den ersten Tag hinzu!
Thư viện lưu trữ: Trung tâm Học liệu Trường Đại học Cần Thơ
LEADER 00522nam a2200181Ia 4500
001 CTU_240139
008 210402s9999 xx 000 0 und d
082 |a 895.9223 
082 |b T454 
100 |a Lê, Dục Tôn 
245 0 |a Những ngày đầu 
245 0 |c Lê Dục Tôn 
260 |a Hà Nội 
260 |b Văn hóa Dân tộc 
260 |c 2020 
650 |a Vietnamese fiction,Tiểu thuyết Việt Nam 
910 |b nthai 
980 |a Trung tâm Học liệu Trường Đại học Cần Thơ